000 00754nab a2200229 u 4500
001 08211
003 HDC
007 cr bn ---aaaaa
008 210129c2013 my dr|nes 0 a eng d
040 _aHDC
245 0 _aMAS' Matta Fair Offers Extended to Sunday
260 _aKuala Lumpur :
_bThe New Straits Times Press (M) Bhd.,
_c2013
336 _atext
_2rdacontent
337 _acomputer
_2rdamedia
338 _aonline resource
_2rdacarrier
650 _amatta fair
_98726
650 _aTourism industry
_92298
856 _zRequest full-text at [email protected]
942 _2lcc
942 _cNEWS
942 _kNWSC 002333
999 _c5534
_d5534